Object Oriented Analysis And Design (Record no. 327922)

MARC details
000 -LEADER
fixed length control field 00425nam a2200145Ia 4500
008 - FIXED-LENGTH DATA ELEMENTS--GENERAL INFORMATION
fixed length control field 230718s9999 xx 000 0 und d
041 ## - LANGUAGE CODE
Language code of text/sound track or separate title eng
082 ## - DEWEY DECIMAL CLASSIFICATION NUMBER
Classification number 005.117
Item number O'D
100 ## - MAIN ENTRY--PERSONAL NAME
Personal name O'Docherty M.
245 ## - TITLE STATEMENT
Title Object Oriented Analysis And Design
Remainder of title Understanding System Development With Uml 2.0.
260 ## - PUBLICATION, DISTRIBUTION, ETC. (IMPRINT)
Name of publisher, distributor, etc. John Wiley
365 ## - TRADE PRICE
Currency code Rs.
Price amount 329.00
700 ## - ADDED ENTRY--PERSONAL NAME
Personal name O'Docherty M.
906 ## - LOCAL DATA ELEMENT F, LDF (RLIN)
d B:SL 11/11727-May-2011
c IT
b 164.5
Holdings
Withdrawn status Lost status Damaged status Not for loan Home library Current library Date acquired Vendor Budget Code Cost, normal purchase price Bill number Total Checkouts Full call number Barcode Date last seen Discount Cost, replacement price Bill Date Koha item type Original Barcode
        Cummins College of Engineering for Women Pune Cummins College of Engineering for Women Pune 09/06/2011 Technical Book Services IT 246.75 SL 11/117   005.117 CCEP-BK-39129 18/07/2023 164.5 329.00 27/05/2011 Books 039129